| 000 | 00758nam a2200229 a 4500 | ||
|---|---|---|---|
| 005 | 20210223125402.0 | ||
| 008 | 040609s2000 mx r 000 0 spa d | ||
| 020 | _a8474856744 | ||
| 035 | _aUPN01000133659 | ||
| 049 | _aCG | ||
| 050 | 4 |
_aHV553 _bB4.2 |
|
| 100 | 1 | _aBenoist, Jacques | |
| 245 | 1 | 3 |
_aLa antropologia en la ayuda humanitaria / _cJacques Benoist, Brigitte Piquard, Eftihia Voutira ; tr. Francisco Sánchez-Marco. |
| 260 |
_aBilbao, Esp. : _bUniversidad de Deusto, _c2000. |
||
| 300 | _a312 p. | ||
| 440 | 0 |
_aAyuda humanitaria. _pTextos básicos ; _v8 |
|
| 650 | 4 |
_aAUXILIO EN DESASTRES _914145 |
|
| 650 | 4 |
_aASISTENCIA HUMANITARIA _914144 |
|
| 700 | 1 |
_aPiquard, Brigitte, _ecoaut. |
|
| 700 | 1 |
_aVoutira, Eftihia, _ecoaut. |
|
| 905 | _aLibro | ||
| 999 |
_c105810 _d105810 |
||